[Event "Szachowy Tydzien w Przeworsku - Round Robin Tournament GM norm"]
[Site "Przeworsk"]
[Date "1899-12-30"]
[Round "5.3"]
[White "Royal, Shreyas"]
[Black "Dziuba, Marcin"]
[Result "1/2-1/2"]
[WhiteTitle "IM"]
[BlackTitle "GM"]
[WhiteElo "2427"]
[BlackElo "2535"]

1. d4 Nf6 2. c4 e6 3. Nf3 d5 4. g3 Bd6 5. Bg2 O-O 6. O-O Nc6 7. c5 Be7 8. Qc2 Ne4
9. a3 e5 10. dxe5 Bf5 11. Qd1 a5 12. Be3 Bxc5 13. Bxc5 Nxc5 14. Nbd2 a4 15. Rc1
Qe7 16. Nh4 Bg4 17. h3 Bd7 18. f4 Na5 19. Qc2 Nab3 20. Nxb3 Nxb3 21. Rcd1 c6 22.
e4 dxe4 23. Bxe4 Qc5+ 24. Kh2 Qxc2+ 25. Bxc2 Be6 26. Ng2 Ra5 27. f5 Bc8 28. Rfe1
Re8 29. Nf4 Rb5 30. Re2 Kf8 31. e6 fxe6 32. Nxe6+ Bxe6 33. fxe6 Nc5 34. Rf1+ Ke7
35. Bxh7 Nxe6 36. Bg6 Rd8 37. Bf5 Rd6 38. Bg4 Rbd5 39. Rff2 c5 40. Bf3 Rf5 41.
g4 Rf8 42. Bxb7 Rxf2+ 43. Rxf2 c4 44. Rc2 Nc5 45. Bg2 Rd4 46. Bc6 Kd6 47. Bb5
Kd5 48. Be8 Rf4 49. Bb5 1/2-1/2

[Event "Szachowy Tydzien w Przeworsku - Round Robin Tournament GM norm"]
[Site "Przeworsk"]
[Date "1899-12-30"]
[Round "5.4"]
[White "Fus, Jakub"]
[Black "Licznerski, Lukasz"]
[Result "1/2-1/2"]
[WhiteTitle "IM"]
[BlackTitle "IM"]
[WhiteElo "2417"]
[BlackElo "2460"]

1. Nf3 c5 2. e4 e6 3. c3 Nf6 4. e5 Nd5 5. d4 cxd4 6. cxd4 d6 7. Bc4 Nc6 8. O-O
Be7 9. Qe2 Nb6 10. Bb3 d5 11. Nc3 Bd7 12. Rd1 h6 13. Ne1 g6 14. Be3 Na5 15. Bc2
Bb4 16. Nb1 a6 17. Bd3 Nbc4 18. Bc1 Rc8 19. Nc2 Be7 20. b3 Nb6 21. Be3 Nc6 22.
Qd2 h5 23. Rc1 Kf8 24. Nc3 Kg7 25. Bf1 Qf8 26. Bg5 Bxg5 27. Qxg5 Qe7 28. Qd2 Rc7
29. Ne2 Nc8 30. Nf4 N8a7 31. a4 a5 32. Nd3 b6 33. Nce1 Bc8 34. Nf3 Ba6 35. Rc3
Rhc8 36. Rac1 Bxd3 37. Bxd3 Nb4 38. Bf1 Qd8 39. Rxc7 Rxc7 40. h3 Rxc1 41. Qxc1
Nbc6 42. Qf4 Nb8 43. Ng5 Qe7 44. Be2 Nd7 45. h4 Nf8 46. Qc1 Nh7 47. Nf3 Qd7 48.
g3 Qc6 49. Qd2 Qc8 50. Kg2 Nc6 51. Qc3 Ne7 52. Qd2 Nc6 53. Qc3 Na7 1/2-1/2

[Event "Szachowy Tydzien w Przeworsku - Round Robin Tournament GM norm"]
[Site "Przeworsk"]
[Date "1899-12-30"]
[Round "5.5"]
[White "Omelja, Artem"]
[Black "Stefansson, Hannes"]
[Result "1/2-1/2"]
[WhiteTitle "GM"]
[BlackTitle "GM"]
[WhiteElo "2446"]
[BlackElo "2521"]

1. Nf3 Nf6 2. d4 e6 3. e3 b6 4. Bd3 Bb7 5. O-O d5 6. b3 Nbd7 7. Bb2 Bd6 8. c4 O-O
9. Nc3 a6 10. Rc1 Ne4 11. cxd5 exd5 12. Ne2 Re8 13. Ng3 h6 14. Re1 Rc8 15. Qe2
Ra8 16. Red1 Qc8 17. Rc2 c6 18. Rcc1 Qb8 19. Nf5 Bc7 20. Rc2 Re6 21. Rdc1 Qd8
22. Ng3 a5 23. a4 Qf8 24. Nh4 Ndf6 25. Nxe4 Nxe4 26. Nf3 Qb4 27. Ra1 Qe7 28. Rac1
Qb4 29. Ra1 Qe7 30. Rac1 Qb4 1/2-1/2

[Event "Szachowy Tydzien w Przeworsku - Round Robin Tournament GM norm"]
[Site "Przeworsk"]
[Date "1899-12-30"]
[Round "6.1"]
[White "Neugebauer, Martin"]
[Black "Stefansson, Hannes"]
[Result "0-1"]
[WhiteTitle "IM"]
[BlackTitle "GM"]
[WhiteElo "2543"]
[BlackElo "2521"]

1. e4 e5 2. Nf3 Nc6 3. Bb5 Nf6 4. d3 Bc5 5. c3 O-O 6. O-O d6 7. Nbd2 a6 8. Ba4
Ba7 9. h3 Ne7 10. Re1 Ng6 11. Nf1 b5 12. Bc2 d5 13. Bg5 dxe4 14. dxe4 Be6 15.
Qxd8 Rfxd8 16. Ng3 Kf8 17. a4 Bb6 18. Nf5 Rab8 19. axb5 axb5 20. g3 Rdc8 21. Kg2
Ne8 22. Red1 f6 23. Bc1 Ne7 24. Be3 Bxf5 25. exf5 Bxe3 26. fxe3 Nd6 27. Kf2 Nexf5
28. g4 Ne7 29. g5 h6 30. gxf6 gxf6 31. Bb3 Ne4+ 32. Ke1 Nc5 33. Bc2 b4 34. Ra5
Nb7 35. Ra4 bxc3 36. bxc3 Nd6 37. Rd2 Kf7 38. c4 Nb7 39. Rf2 Ke6 40. Nh4 Ra8 41.
Rb4 Ra1+ 42. Kd2 Rd8+ 43. Ke2 Nc5 44. Rb5 Nd3 45. Bxd3 Ra2+ 46. Kf3 Rxf2+ 47.
Kxf2 Rxd3 48. Rb8 Rc3 49. Rh8 Rxc4 50. Rxh6 c5 51. Ke2 Nd5 52. Nf3 Rc2+ 53. Nd2
c4 54. e4 c3 55. exd5+ Kf5 56. Rh5+ Kg6 0-1

[Event "Szachowy Tydzien w Przeworsku - Round Robin Tournament GM norm"]
[Site "Przeworsk"]
[Date "1899-12-30"]
[Round "6.2"]
[White "Licznerski, Lukasz"]
[Black "Omelja, Artem"]
[Result "1/2-1/2"]
[WhiteTitle "IM"]
[BlackTitle "GM"]
[WhiteElo "2460"]
[BlackElo "2446"]

1. e4 e5 2. Nc3 Nf6 3. g3 d5 4. exd5 Nxd5 5. Bg2 Nxc3 6. bxc3 Nc6 7. Nf3 Bd6 8.
O-O O-O 9. Re1 h6 10. Rb1 Rb8 11. d3 b6 12. c4 Bd7 13. Bb2 Re8 14. Bc3 Bg4 15.
h3 Bh5 16. g4 Bg6 17. Nd2 Nd4 18. Bxd4 exd4 19. Be4 Qf6 20. Bxg6 fxg6 21. Rxe8+
Rxe8 22. Qf3 Qxf3 23. Nxf3 c5 24. Kf1 Bf4 25. Re1 Rxe1+ 26. Nxe1 Kf7 27. Ke2 Ke6
28. Kf3 Ke5 29. Ng2 g5 30. Nxf4 gxf4 31. h4 g6 1/2-1/2

[Event "Szachowy Tydzien w Przeworsku - Round Robin Tournament GM norm"]
[Site "Przeworsk"]
[Date "1899-12-30"]
[Round "6.3"]
[White "Dziuba, Marcin"]
[Black "Fus, Jakub"]
[Result "1/2-1/2"]
[WhiteTitle "GM"]
[BlackTitle "IM"]
[WhiteElo "2535"]
[BlackElo "2417"]

1. Nf3 d5 2. e3 c5 3. b3 Nc6 4. Bb2 Nf6 5. Bb5 Bd7 6. O-O e6 7. c4 a6 8. Bxc6 Bxc6
9. Ne5 Rc8 10. d3 Be7 11. Qe2 O-O 12. Nd2 b5 13. Nxc6 Rxc6 14. e4 bxc4 15. bxc4
d4 16. f4 Nd7 17. Bc1 Qc7 18. Nf3 Rb6 19. g4 Rfb8 20. h4 Bd6 21. e5 Bf8 22. h5
Qc6 23. Kf2 R6b7 24. Kg3 Nb6 25. h6 g6 26. Ng5 Na4 27. Ne4 Nc3 28. Nxc3 dxc3 29.
g5 Qa4 30. Rf2 Rd7 31. a3 Be7 32. Ra2 Bd8 33. Qc2 Qxc2 34. Raxc2 Rxd3+ 35. Rf3
Rxf3+ 36. Kxf3 Ba5 37. Ke4 Kf8 38. Be3 Rc8 39. Rc1 1/2-1/2

[Event "Szachowy Tydzien w Przeworsku - Round Robin Tournament GM norm"]
[Site "Przeworsk"]
[Date "1899-12-30"]
[Round "6.4"]
[White "Psyk, Radoslaw"]
[Black "Royal, Shreyas"]
[Result "1/2-1/2"]
[WhiteTitle "k++"]
[BlackTitle "IM"]
[WhiteElo "2417"]
[BlackElo "2427"]

1. e4 e5 2. Bc4 Nc6 3. Nc3 Nf6 4. d3 Na5 5. Bb3 Nxb3 6. axb3 d5 7. exd5 Nxd5 8.
Qh5 Nb4 9. Qxe5+ Be7 10. Qe2 O-O 11. Qd1 b6 12. Nge2 Bb7 13. O-O c5 14. Be3 Qd7
15. Qd2 Bf6 16. Ng3 Rfe8 17. Rfe1 Be5 18. f3 f5 19. Bf2 g6 20. Re2 Re6 21. Nf1
Rae8 22. Rae1 Nc6 23. Bg3 Bd4+ 24. Kh1 Bf6 25. Nb5 Rxe2 26. Rxe2 Rxe2 27. Qxe2
Bxb2 28. c3 Ba6 29. Qxb2 Qxd3 30. Nd2 Bxb5 31. h3 Ba6 32. Bf4 Bc8 33. b4 c4 34.
b5 Nd8 35. Qa2 Ne6 36. Be5 Bd7 37. Nxc4 Qd5 38. Qxa7 Bxb5 39. Qb8+ Qd8 40. Nxb6
Qxb8 41. Bxb8 Nc5 42. Nd5 Kf7 43. Kg1 Na4 44. Be5 Ke6 45. Nc7+ Kxe5 46. Nxb5 Kd5
47. Kf2 h6 48. h4 Kc5 49. h5 gxh5 50. Nd4 Nxc3 51. Nxf5 Kd5 52. Ng7 h4 53. Nf5
Ke5 54. Nxh4 Kf4 55. g3+ Kg5 56. Ke3 Kf6 57. f4 h5 58. Ng2 Nb5 59. Ke4 Nd6+ 60.
Kf3 Kf5 61. Ne3+ Ke6 62. Kg2 Kf6 63. Kh3 Kg7 64. Kg2 Kf6 65. Kf3 Ke6 66. Ng2 Nf5
67. Nh4 Kf6 68. Kg2 Nd6 69. Nf3 Nf5 70. Kf2 Nd6 71. Nd4 Ne4+ 72. Kf3 Nd2+ 73.
Kg2 Ne4 74. Kf3 Nd6 75. Ke3 Nc4+ 76. Ke2 Nd6 77. Kf3 Nf5 78. Ne2 Nd6 79. Nc3 Kf5
80. Nd5 Nc4 81. Ne7+ Kf6 82. Nc6 Nd6 83. Nb4 Kf5 84. Nd5 Nc4 85. Ne7+ Kf6 86.
Nc6 Nd6 87. Nd4 Nf5 88. Nc2 Nd6 89. Ne3 Nf5 90. Ng2 Nd6 91. Nh4 Nf5 92. Kf2 Nd6
93. Ke3 Nc4+ 94. Kf3 Nd2+ 95. Kg2 Ne4 96. Nf3 Nd6 97. Nd4 Kg6 98. Kh3 Kf6 99.
Kh2 Kf7 100. Kg2 Kg6 101. Nf3 Kf5 102. Kh3 Kg6 103. Ne5+ Kf6 104. Nd7+ Ke7 105.
Kh4 Nf5+ 106. Kg5 Nxg3 107. Nf6 Ke6 108. Nxh5 Nxh5 109. f5+ Ke5 110. Kxh5 Kxf5
1/2-1/2

[Event "Szachowy Tydzien w Przeworsku - Round Robin Tournament GM norm"]
[Site "Przeworsk"]
[Date "1899-12-30"]
[Round "6.5"]
[White "Baum, Jonasz"]
[Black "Sowinski, Pawel"]
[Result "1-0"]
[WhiteTitle "IM"]
[BlackTitle "FM"]
[WhiteElo "2427"]
[BlackElo "2313"]

1. e4 c6 2. d4 d5 3. e5 Bf5 4. h4 h6 5. Bd3 Bxd3 6. Qxd3 e6 7. c3 c5 8. h5 Nc6
9. Ne2 Rc8 10. a3 cxd4 11. cxd4 Qa5+ 12. Nbc3 Qa6 13. Qxa6 bxa6 14. Rh3 Nge7 15.
Bd2 f6 16. f4 fxe5 17. dxe5 Nf5 18. Rd3 Bc5 19. Na4 Bb6 20. g4 Nfe7 21. b4 O-O
22. Rc1 Nb8 23. Nd4 Bxd4 24. Rxd4 Nd7 25. Rd3 Rxc1+ 26. Bxc1 Rc8 27. Be3 Rc4 28.
Kd2 Kf7 29. Rc3 Re4 30. Kd3 a5 31. Rc7 Ke8 32. Rxd7 Kxd7 33. Nc5+ Ke8 34. Nxe4
dxe4+ 35. Kxe4 axb4 36. axb4 a6 37. Kd4 Kd7 38. Kc5 Nd5 39. Bd2 Kc7 40. f5 Kd7
1-0

[Event "Szachowy Tydzien w Przeworsku - Round Robin Tournament GM norm"]
[Site "Przeworsk"]
[Date "1899-12-30"]
[Round "7.1"]
[White "Sowinski, Pawel"]
[Black "Neugebauer, Martin"]
[Result "0-1"]
[WhiteTitle "FM"]
[BlackTitle "IM"]
[WhiteElo "2313"]
[BlackElo "2543"]

1. d4 Nf6 2. c4 e6 3. Nc3 Bb4 4. e3 O-O 5. Bd2 b6 6. Nf3 Bb7 7. Bd3 d6 8. O-O Nbd7
9. a3 Bxc3 10. Bxc3 Ne4 11. Bxe4 Bxe4 12. Nd2 Bg6 13. e4 e5 14. f4 exf4 15. Rxf4
Re8 16. Qf3 c5 17. d5 Ne5 18. Qg3 Qd7 19. Raf1 Re7 20. h4 Rae8 21. Nf3 Nd3 22.
Rg4 Rxe4 23. Rg5 Nf4 24. Kh1 f6 0-1

[Event "Szachowy Tydzien w Przeworsku - Round Robin Tournament GM norm"]
[Site "Przeworsk"]
[Date "1899-12-30"]
[Round "7.2"]
[White "Royal, Shreyas"]
[Black "Baum, Jonasz"]
[Result "1/2-1/2"]
[WhiteTitle "IM"]
[BlackTitle "IM"]
[WhiteElo "2427"]
[BlackElo "2427"]

1. d4 Nf6 2. c4 e6 3. Nf3 d5 4. Nc3 Bb4 5. Qa4+ Nc6 6. e3 O-O 7. Qc2 Re8 8. Bd2
Bf8 9. Be2 b6 10. a3 Bb7 11. O-O Ne7 12. Rfd1 Ng6 13. Be1 a6 14. Ne5 Rc8 15. Rac1
Bd6 16. Nxg6 hxg6 17. Bf3 c6 18. e4 dxe4 19. Nxe4 Nxe4 20. Qxe4 Bb8 21. c5 b5
22. g3 g5 23. Qg4 f5 24. Qh5 g4 25. Bg2 Qf6 26. Bc3 Qh6 27. Qxh6 gxh6 28. a4 Rcd8
29. axb5 axb5 30. Ra1 Rd7 31. Kf1 Kf7 32. f4 h5 33. b3 h4 34. Kf2 h3 35. Bf1 1/2-1/2

[Event "Szachowy Tydzien w Przeworsku - Round Robin Tournament GM norm"]
[Site "Przeworsk"]
[Date "1899-12-30"]
[Round "7.3"]
[White "Fus, Jakub"]
[Black "Psyk, Radoslaw"]
[Result "1/2-1/2"]
[WhiteTitle "IM"]
[BlackTitle "k++"]
[WhiteElo "2417"]
[BlackElo "2417"]

1. c4 e6 2. g3 d5 3. Bg2 d4 4. Nf3 Nc6 5. O-O Bc5 6. d3 Nf6 7. Na3 O-O 8. Nc2 a5
9. e4 e5 10. b3 Re8 11. a3 Rb8 12. Bd2 b5 13. cxb5 Rxb5 14. b4 axb4 15. axb4 Bd6
16. Ra8 Qe7 17. Na3 Rb8 18. Rxb8 Nxb8 19. Nc4 Ba6 20. Qb3 Bb5 21. Bh3 Nbd7 22.
Nh4 g6 23. Bg5 Qf8 24. f4 Bxc4 25. Qxc4 exf4 26. gxf4 Nb6 27. Qc6 Nh5 28. f5 Ra8
29. fxg6 hxg6 30. Be6 Nf4 31. Bxf4 fxe6 32. e5 Bxb4 33. Qxe6+ Qf7 34. Qxf7+ Kxf7
35. Bd2+ Ke6 36. Bxb4 Nd5 37. Bd2 c5 38. Rf3 Ra1+ 39. Kf2 Ra2 40. Ke1 Ra1+ 41.
Ke2 Nc3+ 42. Kf2 Ra2 43. Nxg6 Rxd2+ 44. Kg3 Kd5 45. h4 c4 46. dxc4+ Kxc4 47. h5
Ne4+ 48. Kf4 Nc5 49. Kf5 Rh2 50. e6 Rxh5+ 51. Kg4 Rh6 52. Kg5 Rxg6+ 53. Kxg6 Nxe6
54. Kf6 d3 55. Kxe6 d2 56. Rf1 Kd3 57. Rd1 Ke2 58. Rxd2+ Kxd2 1/2-1/2

[Event "Szachowy Tydzien w Przeworsku - Round Robin Tournament GM norm"]
[Site "Przeworsk"]
[Date "1899-12-30"]
[Round "7.4"]
[White "Omelja, Artem"]
[Black "Dziuba, Marcin"]
[Result "1-0"]
[WhiteTitle "GM"]
[BlackTitle "GM"]
[WhiteElo "2446"]
[BlackElo "2535"]

1. d4 Nf6 2. Nf3 d5 3. e3 c5 4. dxc5 e6 5. c4 Bxc5 6. a3 O-O 7. Nc3 dxc4 8. Bxc4
Qxd1+ 9. Kxd1 a6 10. b4 Be7 11. Bb2 b5 12. Bd3 Bb7 13. Ke2 Nbd7 14. Nb1 Nb6 15.
Nbd2 Na4 16. Bd4 Nd5 17. Rhc1 Rac8 18. Nb3 f6 19. Na5 Ba8 20. Bc2 e5 21. Bxa4
exd4 22. Bb3 Kh8 23. Nxd4 f5 24. Ndc6 Bxc6 25. Nxc6 Nc3+ 26. Rxc3 Bf6 27. Rac1
Bxc3 28. Rxc3 Rfd8 29. Rc5 1-0

[Event "Szachowy Tydzien w Przeworsku - Round Robin Tournament GM norm"]
[Site "Przeworsk"]
[Date "1899-12-30"]
[Round "7.5"]
[White "Stefansson, Hannes"]
[Black "Licznerski, Lukasz"]
[Result "1/2-1/2"]
[WhiteTitle "GM"]
[BlackTitle "IM"]
[WhiteElo "2521"]
[BlackElo "2460"]

1. e4 c6 2. d4 d5 3. Nd2 dxe4 4. Nxe4 Bf5 5. Ng3 Bg6 6. h4 h6 7. Nf3 e6 8. Ne5
Bh7 9. Bd3 Bxd3 10. Qxd3 Nd7 11. Qe2 Ngf6 12. Bd2 c5 13. Nxd7 Qxd7 14. dxc5 Bxc5
15. O-O-O Qc6 16. Bc3 Be7 17. Nh5 Nxh5 18. Qxh5 Bf6 19. Bxf6 gxf6 20. Rh3 f5 21.
Rc3 Qxg2 22. Rc7 Rh7 23. Qe2 Kf8 24. Qe3 Kg8 25. f3 Rg7 26. Rxb7 Rc8 27. c3 a6
28. Rbd7 Kh7 29. Qf4 Rf8 30. c4 Rc8 31. Kb1 Qg3 32. Qxg3 Rxg3 33. Rc1 Rxf3 34.
c5 Rc6 35. Rb7 Rd3 36. b4 e5 37. h5 Kg7 38. a4 Rd5 39. a5 Rd8 40. Rb6 Re6 41.
c6 Ra8 42. c7 Ree8 43. Rbc6 Rec8 44. Kc2 Ra7 45. Kd3 f6 46. R1c5 Kf7 47. Kc4 f4
48. b5 f3 49. Kd5 f2 50. Rc1 axb5 51. a6 b4 52. Kd6 e4 53. Kd7 Re8 54. Rxf6+ Kxf6
55. Kxe8 Ra8+ 56. Kd7 e3 57. c8=Q Rxc8 58. Rxc8 e2 59. Rf8+ Kg7 60. a7 f1=Q 61.
Rxf1 exf1=Q 62. a8=Q b3 63. Qe4 Qf7+ 64. Kc6 Qf6+ 65. Kc5 b2 66. Qb7+ Kh8 67.
Qa8+ Kh7 68. Qe4+ Kg7 69. Qb7+ Kg8 70. Qd5+ Kf8 71. Qa8+ Kf7 72. Qd5+ Ke8 73.
Qa8+ Qd8 74. Qc6+ Qd7 75. Qg6+ Kd8 76. Qg8+ Kc7 77. Qg3+ Kc8 78. Qg8+ Kc7 79.
Qg3+ Kd8 80. Qg8+ Qe8 81. Qd5+ Ke7 82. Qe5+ Kf8 83. Qh8+ Kf7 84. Qxb2 Qc8+ 85.
Kd6 Qe6+ 86. Kc7 Qe7+ 1/2-1/2

[Event "Szachowy Tydzien w Przeworsku - Round Robin Tournament GM norm"]
[Site "Przeworsk"]
[Date "1899-12-30"]
[Round "8.1"]
[White "Neugebauer, Martin"]
[Black "Licznerski, Lukasz"]
[Result "1-0"]
[WhiteTitle "IM"]
[BlackTitle "IM"]
[WhiteElo "2543"]
[BlackElo "2460"]

1. e4 c6 2. d4 d5 3. f3 dxe4 4. fxe4 e5 5. Nf3 Bg4 6. c3 Nd7 7. Bd3 Bd6 8. O-O
Ngf6 9. Na3 b5 10. Nc2 O-O 11. Ne3 Bh5 12. Nf5 Bc7 13. Bg5 Re8 14. Kh1 Qb8 15.
Qd2 Kh8 16. dxe5 Ng4 17. N3d4 Ngxe5 18. Be2 Bxe2 19. Qxe2 f6 20. Bh4 Qb7 21. Rad1
Rad8 22. Qh5 g6 23. Qh6 Rg8 24. Ne6 Rde8 25. Nc5 1-0

[Event "Szachowy Tydzien w Przeworsku - Round Robin Tournament GM norm"]
[Site "Przeworsk"]
[Date "1899-12-30"]
[Round "8.2"]
[White "Dziuba, Marcin"]
[Black "Stefansson, Hannes"]
[Result "1-0"]
[WhiteTitle "GM"]
[BlackTitle "GM"]
[WhiteElo "2535"]
[BlackElo "2521"]

1. d4 Nf6 2. c4 e6 3. Nf3 d5 4. Nc3 Bb4 5. Qa4+ Nc6 6. e3 O-O 7. Qc2 Re8 8. Bd2
Bf8 9. Be2 dxc4 10. Bxc4 Nb4 11. Qb1 c5 12. dxc5 Bxc5 13. a3 Nbd5 14. O-O b6 15.
b4 Bf8 16. Nxd5 exd5 17. Ba2 Bg4 18. Nd4 Bh5 19. f3 Bg6 20. Qb3 Bd6 21. Rac1 Rc8
22. Rxc8 Qxc8 23. Rc1 Qb8 24. h3 Qb7 25. Qa4 Bd3 26. Qc6 Qxc6 27. Rxc6 Be5 28.
Rc3 Ba6 29. Bb3 h5 30. Rc1 Bxd4 31. exd4 Bc4 32. Bxc4 dxc4 33. Rxc4 Nd5 34. Kf2
f6 35. Rc6 Kf7 36. b5 Re6 37. Rc8 Re8 38. Rc6 Re6 39. Rc4 h4 40. Rc8 Re8 41. Rxe8
Kxe8 42. f4 f5 43. Kf3 Kd7 44. Be1 Kd6 45. a4 Ke6 46. Bxh4 Nc3 47. g4 Nxa4 48.
Be1 Nb2 49. Bc3 Nc4 50. d5+ Kxd5 51. Bxg7 fxg4+ 52. hxg4 Nd2+ 53. Ke3 Nc4+ 54.
Kf3 Nd2+ 55. Kg3 Ne4+ 56. Kh4 Nd6 57. Be5 Nxb5 58. g5 1-0

[Event "Szachowy Tydzien w Przeworsku - Round Robin Tournament GM norm"]
[Site "Przeworsk"]
[Date "1899-12-30"]
[Round "8.3"]
[White "Psyk, Radoslaw"]
[Black "Omelja, Artem"]
[Result "1/2-1/2"]
[WhiteTitle "k++"]
[BlackTitle "GM"]
[WhiteElo "2417"]
[BlackElo "2446"]

1. e4 e5 2. Nf3 Nc6 3. Bb5 Nf6 4. d3 Bc5 5. c3 O-O 6. O-O Re8 7. Re1 a6 8. Ba4
d5 9. exd5 Qxd5 10. Bb3 Qd6 11. Ng5 Rf8 12. Qf3 h6 13. Ne4 Nxe4 14. dxe4 Be6 15.
Bc2 a5 16. Nd2 Ne7 17. Qg3 Ng6 18. Nf3 Qb6 19. b3 Kh7 20. h4 f6 21. h5 Nh8 22.
Nh4 Nf7 23. Rf1 Ng5 24. Kh2 Kg8 25. Ng6 Rf7 26. f4 exf4 27. Bxf4 Bd6 28. e5 fxe5
29. Bxg5 hxg5 30. Be4 g4 31. Rxf7 Kxf7 32. Rf1+ Ke8 33. h6 gxh6 34. Rf6 Bd7 35.
Nxe5 Qb5 36. Bg6+ Ke7 37. Rxd6 cxd6 38. Qh4+ Ke6 39. Nxg4 Bc6 40. Qf6+ Kd7 41.
Qf7+ Kc8 42. Qf8+ Kc7 43. Qxa8 Qg5 44. Qf8 Qh4+ 45. Kg1 Qxg4 46. Qe7+ Kc8 47.
Qf8+ Kc7 48. Qe7+ Kc8 1/2-1/2

[Event "Szachowy Tydzien w Przeworsku - Round Robin Tournament GM norm"]
[Site "Przeworsk"]
[Date "1899-12-30"]
[Round "8.4"]
[White "Baum, Jonasz"]
[Black "Fus, Jakub"]
[Result "0-1"]
[WhiteTitle "IM"]
[BlackTitle "IM"]
[WhiteElo "2427"]
[BlackElo "2417"]

1. e4 e6 2. d4 d5 3. e5 c5 4. c3 Nc6 5. Nf3 Qb6 6. Be2 cxd4 7. cxd4 Nge7 8. Na3
Nf5 9. Nc2 Bd7 10. O-O a5 11. g4 Nfe7 12. Be3 h5 13. h3 hxg4 14. hxg4 Ng6 15.
Bg5 Be7 16. Bxe7 Ncxe7 17. Qd2 f6 18. Bd3 Nh4 19. Nce1 O-O-O 20. Rc1+ Nc6 21.
Qf4 Rdf8 22. Qg3 g5 23. exf6 Rxf6 24. Qe5 Qd8 25. Nxg5 Ng6 26. Bxg6 Rxg6 27. f4
Rh4 28. Kf2 Rxg4 29. Nef3 Rf6 30. Rh1 Rgxf4 31. Ke3 Qf8 32. Nd2 R6f5 33. Nf7 Rxe5+
34. Nxe5 Qb4 35. Nxc6 bxc6 36. Kxf4 Qxd4+ 0-1

[Event "Szachowy Tydzien w Przeworsku - Round Robin Tournament GM norm"]
[Site "Przeworsk"]
[Date "1899-12-30"]
[Round "8.5"]
[White "Sowinski, Pawel"]
[Black "Royal, Shreyas"]
[Result "0-1"]
[WhiteTitle "FM"]
[BlackTitle "IM"]
[WhiteElo "2313"]
[BlackElo "2427"]

1. d4 d5 2. c4 dxc4 3. e3 Nf6 4. Bxc4 e6 5. Nf3 c5 6. O-O Nc6 7. Nc3 a6 8. dxc5
Qxd1 9. Rxd1 Bxc5 10. a3 O-O 11. b4 Be7 12. Bb2 Bd7 13. Rac1 Rfd8 14. Bd3 Be8
15. Bb1 Nd7 16. Na4 Rac8 17. Kf1 b5 18. Rxd7 Bxd7 19. Nb6 Rc7 20. Be5 Rb7 21.
Be4 Rxb6 22. Bc7 Rdb8 23. Bxc6 Rxc6 24. Rxc6 Rc8 25. Rc2 f6 26. Ne1 e5 27. Bb6
Rxc2 28. Nxc2 Bf5 29. Ne1 Kf7 30. Nf3 Ke6 31. Nd2 Kd5 32. f3 Bd3+ 33. Ke1 Kc6
34. Ba5 f5 35. e4 g6 36. g3 Bg5 37. Kd1 h5 38. Ke1 Be3 39. Kd1 Bd4 40. Kc1 Kd7
41. Nb3 Be3+ 42. Kd1 fxe4 43. fxe4 Kd6 44. Nd2 Bd4 45. Kc1 g5 46. Bd8 g4 47. Nb3
Be3+ 48. Kd1 Bxe4 49. Ke2 Bg1 50. Nc5 Bf3+ 0-1

[Event "Szachowy Tydzien w Przeworsku - Round Robin Tournament GM norm"]
[Site "Przeworsk"]
[Date "1899-12-30"]
[Round "9.1"]
[White "Royal, Shreyas"]
[Black "Neugebauer, Martin"]
[Result "0-1"]
[WhiteTitle "IM"]
[BlackTitle "IM"]
[WhiteElo "2427"]
[BlackElo "2543"]

1. d4 Nf6 2. c4 e6 3. Nf3 d5 4. g3 Bb4+ 5. Bd2 Be7 6. Bg2 O-O 7. O-O c6 8. Qc2
Nbd7 9. Bf4 Ne4 10. Nc3 g5 11. Bc1 f5 12. Rd1 Bf6 13. b3 Qe7 14. Bb2 Qg7 15. Rac1
a5 16. Ne1 Nd6 17. Ba3 Be7 18. Nd3 Kh8 19. Na4 Rb8 20. Ne5 Ne4 21. Bxe7 Qxe7 22.
f3 Nd6 23. e4 dxe4 24. c5 Nb5 25. fxe4 Nxd4 26. Qb2 Nxe5 27. Qxd4 Qg7 28. Nb6
Nf7 29. Qd2 f4 30. gxf4 gxf4 31. Qxf4 e5 32. Qg3 Qh6 33. Kh1 Rg8 34. Qf2 Be6 35.
Rc3 Rbd8 36. Rcc1 Rdf8 37. Rf1 Ng5 38. Qe3 Qh4 39. Qc3 Nf7 40. Rc2 Rg6 41. Rcf2
Rfg8 42. Nc4 Rh6 43. Bf3 Bxc4 44. bxc4 Rf6 45. Qb2 Qh3 46. Qe2 Qh4 47. Qb2 Rf4
48. Bg2 Rgg4 49. Qd2 Qf6 50. Bf3 Rg8 51. Bg2 Rgg4 52. Bf3 Rg8 53. Bg2 Rxf2 54.
Rxf2 Qg7 55. Qxa5 Ng5 56. Qe1 Ne6 57. Rd2 Nxc5 58. Bh3 Nxe4 59. Rg2 Ng5 60. Qe3
Qf6 61. Rf2 Qd6 62. Rd2 Qf6 63. Rf2 Qe7 64. Bf5 Nf7 65. Qh3 Nd6 66. Be6 Ne4 67.
Rg2 Rxg2 68. Qxg2 Nf6 69. Qh3 Qd6 70. Qf5 Qd1+ 71. Kg2 Qe2+ 72. Kh3 Qe3+ 73. Kh4
Qh6+ 74. Kg3 Qg6+ 75. Kf3 Qxf5+ 76. Bxf5 c5 77. h4 Kg7 78. Kg3 Kf7 79. Kf3 Ke7
80. Bc8 b6 81. Ke3 h6 82. Bf5 Ne8 83. Ke4 Nd6+ 84. Kxe5 Nxc4+ 85. Kf4 Kf6 86.
Bc2 Ne5 87. Ke4 Ke6 88. Ba4 Ng6 89. Bb3+ Kd6 90. h5 Ne7 91. Bc4 Nc6 92. Kf5 Ne5
93. Be2 c4 94. Ke4 b5 95. Kd4 Nc6+ 96. Kc3 Kc5 97. a3 Ne7 98. Bf3 Nd5+ 99. Kc2
Kd4 100. Kd2 Ke5 0-1

[Event "Szachowy Tydzien w Przeworsku - Round Robin Tournament GM norm"]
[Site "Przeworsk"]
[Date "1899-12-30"]
[Round "9.2"]
[White "Fus, Jakub"]
[Black "Sowinski, Pawel"]
[Result "1/2-1/2"]
[WhiteTitle "IM"]
[BlackTitle "FM"]
[WhiteElo "2417"]
[BlackElo "2313"]

1. d4 d5 2. Nf3 Nf6 3. c4 dxc4 4. e3 a6 5. Bxc4 e6 6. O-O c5 7. dxc5 Qxd1 8. Rxd1
Bxc5 9. Be2 Nc6 10. Nbd2 O-O 11. b3 Bd7 12. Bb2 Rfd8 13. Rdc1 Be7 14. Nc4 Be8
15. Nb6 Rab8 16. Nd4 Nb4 17. a3 Nbd5 18. Nc4 Ne4 19. Rc2 Nd6 20. Nxd6 Bxd6 21.
Rac1 Ne7 22. Bf3 e5 23. Ne2 f5 24. Ng3 Bf7 25. b4 e4 26. Be2 g6 27. Rd2 Bxg3 28.
Rxd8+ Rxd8 29. hxg3 Rd2 30. Bf6 Rxe2 31. Bxe7 Rd2 32. Bf6 Be8 33. Rc7 Rd7 34.
Rc8 Kf7 35. Bd4 Re7 36. Kh2 Bb5 37. Kh3 Re8 38. Rc5 Bc6 39. Kh4 Rd8 40. Kg5 1/2-1/2

[Event "Szachowy Tydzien w Przeworsku - Round Robin Tournament GM norm"]
[Site "Przeworsk"]
[Date "1899-12-30"]
[Round "9.3"]
[White "Omelja, Artem"]
[Black "Baum, Jonasz"]
[Result "1/2-1/2"]
[WhiteTitle "GM"]
[BlackTitle "IM"]
[WhiteElo "2446"]
[BlackElo "2427"]

1. d4 Nf6 2. c4 e6 3. Nf3 d5 4. Nc3 Bb4 5. Qa4+ Nc6 6. e3 O-O 7. Qc2 Re8 8. Bd2
Bf8 9. Be2 Nb4 10. Qb1 dxc4 11. Bxc4 b6 12. O-O c5 13. dxc5 Bxc5 14. a3 Nbd5 15.
b4 Be7 16. Rd1 Nxc3 17. Bxc3 Qc7 18. Bb5 Bd7 19. Bxd7 Nxd7 20. Qb2 Bf6 21. Bxf6
Nxf6 22. Rac1 Qb7 23. Ne5 Red8 24. f3 h6 25. e4 Rac8 26. Rxd8+ Rxd8 27. Qc2 Ne8
28. a4 Kf8 29. Qc4 Rd2 30. Qc3 Rd6 31. b5 Qe7 32. g3 Qd8 33. Nc6 Rd1+ 34. Kf2
Rxc1 35. Qxc1 Qd7 36. Ke2 Nd6 37. Qa3 Ke8 38. Qc3 Kf8 39. Qd3 Qc7 40. e5 Nc8 41.
f4 g6 42. g4 Ke8 43. f5 exf5 44. gxf5 Ne7 45. fxg6 Nxc6 46. gxf7+ Kf8 47. bxc6
Qxe5+ 48. Kd1 Qa1+ 49. Kd2 Qb2+ 50. Qc2 Qd4+ 51. Ke2 Qe5+ 52. Kf3 Qf6+ 53. Ke3
Qg5+ 54. Kd4 Qf6+ 55. Kd3 Qd6+ 56. Ke3 Qe5+ 57. Qe4 Qc3+ 58. Ke2 Qb2+ 59. Ke1
Qc3+ 60. Kf2 Qb2+ 61. Kg3 Qc3+ 62. Qf3 Qe5+ 63. Kh3 Qe6+ 64. Kh4 Qe7+ 65. Kg4
Qg5+ 66. Kh3 Qe5 67. Kg2 Qg5+ 68. Qg3 Qd5+ 69. Qf3 Qg5+ 70. Kf1 Qc1+ 71. Ke2 Qc2+
72. Ke3 Qc3+ 73. Kf4 Qf6+ 74. Kg3 Qe5+ 75. Kh3 Qe6+ 76. Qg4 Kxf7 77. c7 Qe3+ 78.
Qg3 Qe6+ 79. Kg2 Ke8 80. Qc3 Qg4+ 81. Kf2 Qf4+ 82. Ke1 Qh4+ 83. Kd1 Qxa4+ 84.
Kc1 Qf4+ 85. Kb2 Qf2+ 86. Ka3 Qf8+ 87. Ka4 Kd7 88. Qe5 Kc8 89. h4 Kb7 90. h5 a5
91. Qd5+ Kxc7 92. Kb5 Qf1+ 93. Ka4 Qf4+ 94. Kb5 Qf1+ 95. Ka4 Qc1 96. Kb5 Qb2+
97. Ka6 Qf6 98. Qb7+ Kd8 99. Qh7 Qd6 100. Qg8+ Kd7 101. Qf7+ Qe7 102. Qd5+ Qd6
103. Qf7+ Kc8 104. Qg8+ Kc7 105. Qf7+ Kd8 106. Qg8+ Kd7 107. Qf7+ Qe7 108. Qd5+
Qd6 1/2-1/2

[Event "Szachowy Tydzien w Przeworsku - Round Robin Tournament GM norm"]
[Site "Przeworsk"]
[Date "1899-12-30"]
[Round "9.4"]
[White "Stefansson, Hannes"]
[Black "Psyk, Radoslaw"]
[Result "0-1"]
[WhiteTitle "GM"]
[BlackTitle "k++"]
[WhiteElo "2521"]
[BlackElo "2417"]

1. c4 e6 2. Nc3 d5 3. d4 Nf6 4. cxd5 Nxd5 5. e4 Nxc3 6. bxc3 c5 7. Rb1 Be7 8. Nf3
O-O 9. Bc4 Qc7 10. Qe2 a6 11. O-O b5 12. Bb3 Nc6 13. dxc5 Na5 14. c4 b4 15. Ne1
Nb7 16. Nd3 a5 17. Bf4 Qc6 18. Ne5 Qxc5 19. Ba4 Bd6 20. Nd3 Qc7 21. Bxd6 Nxd6
22. Nb2 Ba6 23. Rbc1 Rac8 24. Bb3 Nb7 25. Na4 Nc5 26. Nxc5 Qxc5 27. Rfd1 Bb7 28.
Ba4 Rfd8 29. Bd7 Ra8 30. Qe3 Qxe3 31. fxe3 Bxe4 32. c5 Kf8 33. c6 Ke7 34. Rd4
Bd5 35. Rc2 f5 36. Rxd5 exd5 37. Bxf5 Kd6 38. c7 Rdc8 39. Bxc8 Rxc8 40. Rd2 Kc5
0-1